Central Library OPAC University of Rajshahi

Studies in library management / (Record no. 511)

MARC details
000 -LEADER
fixed length control field 00676nam a2200253 a 4500
001 - CONTROL NUMBER
control field 511
003 - CONTROL NUMBER IDENTIFIER
rucl marc code BD-RjUL
005 - DATE AND TIME OF LATEST TRANSACTION
control field 20211208233207.0
008 - FIXED-LENGTH DATA ELEMENTS--GENERAL INFORMATION
fixed length control field 201312r19721971enk b 000 0 eng
020 ## - INTERNATIONAL STANDARD BOOK NUMBER
International Standard Book Number 0851571220
035 ## - SYSTEM CONTROL NUMBER
System control number (BD-RjUL)528
040 ## - CATALOGING SOURCE
Original cataloging agency DLC
Transcribing agency BD-RjUL
Modifying agency DLC
-- BD-RjUL
Language of cataloging eng
041 ## - LANGUAGE CODE
Language code of text/sound track or separate title eng
082 00 - DEWEY DECIMAL CLASSIFICATION NUMBER
Classification number 025.1
Author mark and year STU 1972
Edition number 23
245 00 - TITLE STATEMENT
Title Studies in library management /
Statement of responsibility, etc. edited by Brian Redfern
260 ## - PUBLICATION, DISTRIBUTION, ETC. (IMPRINT)
Place of publication, distribution, etc. London :
Name of publisher, distributor, etc. Bingley,
Date of publication, distribution, etc. 1972
300 ## - PHYSICAL DESCRIPTION
Pagination V. ;
Size 23 cm.
504 ## - BIBLIOGRAPHY, ETC. NOTE
Bibliography, etc Includes bibliographies.
505 0# - FORMATTED CONTENTS NOTE
Formatted contents note Vol. 1 --
650 #0 - SUBJECT ADDED ENTRY--TOPICAL TERM
Topical term or geographic name as entry element Library administration.
9 (RLIN) 1572
700 ## - ADDED ENTRY--PERSONAL NAME
Personal name Redfern, Brian
942 ## - ADDED ENTRY ELEMENTS (KOHA)
Source of classification or shelving scheme Dewey Decimal Classification
Koha item type Books
Holdings
Lost status Source of classification or shelving scheme Damaged status Not for loan Collection code Permanent Location Current Location Shelving location Date acquired Source of acquisition Cost, normal purchase price Total Checkouts Full call number Date last seen Date checked out Copy number Koha item type
  Dewey Decimal Classification     Non-fiction Central Library, University of Rajshahi Central Library, University of Rajshahi   18/12/1988 Britain gift 0.00 1 025.1 STU V-1 1972 08/09/2019 25/08/2019 C-2 Books
  Dewey Decimal Classification     Non-fiction Central Library, University of Rajshahi Central Library, University of Rajshahi   13/11/1975 Not Found. 0.00   025.1 STU V-1 1972 18/11/2013   C-3 Books
  Dewey Decimal Classification   Not For Loan Non-fiction Central Library, University of Rajshahi Central Library, University of Rajshahi Reading Room 15/12/1988 Britain     025.1 STU V-1 1972 03/12/2016   C-1 Books